000 00629cam a2200181 i 4500
005 20260201124927.0
008 250721s2000 le gr 000 0 ara d
082 1 4 _a530.11
_bغ ص ي
100 1 _aغصيب، همام
_eمؤلف.
245 1 2 _aالسندباد الفيزيائي ونسيبه آينشتين /
_cأ.د. همام غصيب.
250 _aالطبعة الأولى.
264 3 1 _aبيروت :
_bالمؤسسة العربية للدراسات والنشر،
_c2000.
300 _a139 صفحة.
650 1 7 _aالفيزياء.
650 1 7 _aالنسبية.
942 _2ddc
_cBK
999 _c19556
_d19556